000
00290nam a2200133Ia 4500
100
_a
Vishwanath/ A.N
942
_c
RB
654
_a
Statistics
245
_a
Introduction to Statistics
260
_b
Wiley eastern
_a
New Delhi
_c
1983
082
_a
519.5
300
_a
135
546
_a
ENGLISH
999
_c
31743
_d
31743